[Event "HUN-chT 9900"]
[Site "Hungary"]
[Date "1999.11.14"]
[Round "4"]
[White "Palotai, Piroska"]
[Black "Nagy, Andras"]
[Result "0-1"]
[WhiteElo "2072"]
[BlackElo "2265"]
[PlyCount "58"]
[EventDate "1999.09.26"]
[EventType "team-tourn"]
[EventRounds "11"]
[EventCountry "HUN"]
[SourceTitle "EXT 2009"]
[Source "ChessBase"]
[SourceDate "2008.11.26"]
[SourceVersion "1"]
[SourceVersionDate "2008.11.26"]
[SourceQuality "1"]
[WhiteTeam "Pecs Karmin"]
[BlackTeam "Haladas"]
[WhiteTeamCountry "HUN"]
[BlackTeamCountry "HUN"]

1. e4 c5 2. Nf3 Nc6 3. d4 cxd4 4. Nxd4 Nf6 5. Nc3 d6 6. Bg5 e6 7. Qd2 a6 8. 0-0-0 h6 9. Be3 Be7 10. f4 Bd7 11. Bd3 Ng4 12. Nxc6 Bxc6 13. Be2 Nxe3 14. Qxe3 b5 15. Bf3 Qa5 16. Rhe1 0-0 17. Kb1 b4 18. Ne2 e5 19. Ng3 Rfd8 20. Be2 d5 21. fxe5 Bg5 22. Qb3 Rac8 23. Rd4 Ba4 24. Rxd5 Rxd5 25. Qxd5 Bxc2+ 26. Ka1 Rc5 27. Qa8+ Kh7 28. Qxa6 b3 29. a3 Qxe1+ 0-1

[Event "Szeged TT06 IM"]
[Site "Szeged"]
[Date "1998.06.26"]
[Round "9"]
[White "Flumbort, Andras"]
[Black "Nagy, Andras"]
[Result "1-0"]
[WhiteElo "2225"]
[BlackElo "2195"]
[PlyCount "89"]
[EventDate "1998.06.??"]
[EventType "tourn"]
[EventRounds "9"]
[EventCountry "HUN"]
[EventCategory "2"]
[SourceTitle "EXT 1999"]
[Source "ChessBase"]
[SourceDate "1998.11.16"]
[SourceVersion "1"]
[SourceVersionDate "1998.11.16"]
[SourceQuality "1"]

1. d4 Nf6 2. c4 e6 3. Nf3 b6 4. g3 Ba6 5. b3 Bb7 6. Bg2 Bb4+ 7. Bd2 a5 8. 0-0 0-0 9. Qc2 d6 10. Bg5 a4 11. Nc3 axb3 12. axb3 Nbd7 13. Nd2 Bxg2 14. Kxg2 Qb8 15. e4 Qb7 16. d5 exd5 17. exd5 h6 18. Bf4 Nc5 19. Nf3 Bxc3 20. Qxc3 b5 21. Nd4 bxc4 22. bxc4 Nce4 23. Qc2 Rxa1 24. Rxa1 Nxd5 25. cxd5 Qxd5 26. f3 Nxg3 27. hxg3 Qxd4 28. Rd1 Qb6 29. Rb1 Qa7 30. Re1 Rb8 31. Re2 Qa6 32. Re7 Rc8 33. g4 c5 34. Bg3 d5 35. Qf5 Qa2+ 36. Bf2 Rf8 37. Rd7 c4 38. Qxd5 Qa4 39. Rc7 c3 40. Rxc3 Qa1 41. Rc7 Qb2 42. Rb7 Qe2 43. Ra7 Qc2 44. Ra8 Rc8 45. Qb7 1-0

[Event "Szeged TT06 IM"]
[Site "Szeged"]
[Date "1998.06.23"]
[Round "6"]
[White "Nagy, Andras"]
[Black "Resika, Nathan A"]
[Result "1-0"]
[WhiteElo "2195"]
[BlackElo "2170"]
[PlyCount "73"]
[EventDate "1998.06.??"]
[EventType "tourn"]
[EventRounds "9"]
[EventCountry "HUN"]
[EventCategory "2"]
[SourceTitle "EXT 1999"]
[Source "ChessBase"]
[SourceDate "1998.11.16"]
[SourceVersion "1"]
[SourceVersionDate "1998.11.16"]
[SourceQuality "1"]

1. d4 Nf6 2. c4 d6 3. Nc3 g6 4. Nf3 Bg7 5. Bf4 0-0 6. h3 c5 7. d5 a6 8. a4 Qa5 9. Bd2 e5 10. dxe6 fxe6 11. e3 Nc6 12. Be2 Qd8 13. 0-0 d5 14. cxd5 exd5 15. Qb3 Kh8 16. Rfd1 Be6 17. e4 dxe4 18. Qxe6 exf3 19. Bxf3 Nd4 20. Qc4 Nxf3+ 21. gxf3 Qc8 22. Kg2 Qf5 23. Be3 Nh5 24. Qg4 Nf4+ 25. Bxf4 Qxf4 26. Rd7 Rab8 27. Re1 Qxg4+ 28. hxg4 b5 29. Ree7 Rg8 30. axb5 axb5 31. Ne4 Rbe8 32. Rf7 Ref8 33. Nd6 h6 34. Rfe7 c4 35. g5 hxg5 36. Re1 Rf4 37. Rh1+ 1-0

[Event "Szeged TT06 IM"]
[Site "Szeged"]
[Date "1998.06.22"]
[Round "5"]
[White "Nagy, Andras"]
[Black "Moraru, Marius"]
[Result "1/2-1/2"]
[WhiteElo "2195"]
[BlackElo "2375"]
[PlyCount "47"]
[EventDate "1998.06.??"]
[EventType "tourn"]
[EventRounds "9"]
[EventCountry "HUN"]
[EventCategory "2"]
[SourceTitle "EXT 1999"]
[Source "ChessBase"]
[SourceDate "1998.11.16"]
[SourceVersion "1"]
[SourceVersionDate "1998.11.16"]
[SourceQuality "1"]

1. d4 Nf6 2. c4 c5 3. d5 b5 4. Nf3 g6 5. Qc2 bxc4 6. e4 Bg7 7. Nc3 d6 8. Bxc4 0-0 9. 0-0 Ba6 10. Nd2 Ng4 11. Bxa6 Nxa6 12. Nc4 Ne5 13. Nxe5 Bxe5 14. Bh6 Re8 15. Qe2 Nc7 16. f4 Bd4+ 17. Kh1 e6 18. dxe6 Rxe6 19. Bg5 f6 20. Bh4 Qf8 21. f5 Re7 22. Bg3 Rd8 23. Rae1 Kg7 24. Qc2 1/2-1/2

[Event "HUN-chT 9899"]
[Site "Hungary"]
[Date "1998.??.??"]
[Round "?"]
[White "Bagonyai, Attila"]
[Black "Nagy, Andras"]
[Result "1/2-1/2"]
[WhiteElo "2315"]
[BlackElo "2240"]
[PlyCount "29"]
[EventDate "1998.??.??"]
[EventType "team-tourn"]
[EventRounds "12"]
[EventCountry "HUN"]
[SourceTitle "EXT 2000"]
[Source "ChessBase"]
[SourceDate "1999.11.16"]
[SourceVersion "1"]
[SourceVersionDate "1999.11.16"]
[SourceQuality "1"]

1. e4 c5 2. c3 d6 3. d4 Nf6 4. Bd3 g6 5. h3 Bg7 6. Nf3 0-0 7. 0-0 Qc7 8. Be3 e5 9. Nbd2 Nbd7 10. Rc1 b6 11. b4 Bb7 12. bxc5 bxc5 13. d5 Nh5 14. g3 Nb6 15. c4 1/2-1/2

[Event "HUN-chT 9798"]
[Site "Hungary"]
[Date "1998.??.??"]
[Round "?"]
[White "Kocsis, Janos"]
[Black "Nagy, Andras"]
[Result "1/2-1/2"]
[WhiteElo "2250"]
[BlackElo "2140"]
[PlyCount "116"]
[EventDate "1997.??.??"]
[EventType "team-tourn"]
[EventRounds "12"]
[EventCountry "HUN"]
[SourceTitle "EXT 2000"]
[Source "ChessBase"]
[SourceDate "1999.11.16"]
[SourceVersion "1"]
[SourceVersionDate "1999.11.16"]
[SourceQuality "1"]

1. c4 c5 2. Nf3 Nf6 3. Nc3 b6 4. g3 Bb7 5. Bg2 g6 6. 0-0 Bg7 7. d4 cxd4 8. Qxd4 0-0 9. Qh4 Qc8 10. Rd1 d6 11. Bg5 Re8 12. Rac1 Na6 13. Nd5 Nxd5 14. cxd5 Qd7 15. b3 e5 16. dxe6 Qxe6 17. Nd4 Qd7 18. Bf6 Bxg2 19. Kxg2 Qb7+ 20. f3 Bf8 21. Kf2 Nc5 22. Qf4 Qa6 23. Rc2 Ne6 24. Nxe6 Rxe6 25. Ba1 Rae8 26. Rdd2 d5 27. Kf1 Bc5 28. Qa4 Qb7 29. Bd4 b5 30. Qa5 Bxd4 31. Rxd4 a6 32. Qd2 Re5 33. Qd1 Qd7 34. Kg2 Rh5 35. g4 Rhe5 36. Rcd2 Qe6 37. Kf2 f5 38. gxf5 Rxf5 39. R2d3 Rh5 40. h4 Qh3 41. Rg4 Qh2+ 42. Ke1 Rxh4 43. Rxh4 Qxh4+ 44. Kd2 Rc8 45. Rxd5 Qf4+ 46. e3 Qh2+ 47. Ke1 Re8 48. Qe2 Qg1+ 49. Kd2 Rc8 50. Kd3 Qb1+ 51. Kd4 Qa1+ 52. Ke4 Qb1+ 53. Kf4 Rf8+ 54. Kg3 Qg1+ 55. Kh3 Re8 56. e4 Rf8 57. Rd1 Qg5 58. Rd5 Qg1 1/2-1/2

[Event "HUN-chT 9798"]
[Site "Hungary"]
[Date "1998.??.??"]
[Round "?"]
[White "Nagy, Andras"]
[Black "Bali, Janos"]
[Result "1/2-1/2"]
[WhiteElo "2285"]
[BlackElo "2320"]
[PlyCount "64"]
[EventDate "1997.??.??"]
[EventType "team-tourn"]
[EventRounds "12"]
[EventCountry "HUN"]
[SourceTitle "EXT 2000"]
[Source "ChessBase"]
[SourceDate "1999.11.16"]
[SourceVersion "1"]
[SourceVersionDate "1999.11.16"]
[SourceQuality "1"]

1. d4 d5 2. Nf3 c6 3. c4 e6 4. Nc3 f5 5. Bf4 Nf6 6. e3 Bd6 7. Bxd6 Qxd6 8. Ne5 Nbd7 9. f4 0-0 10. Be2 Ne4 11. Nxe4 fxe4 12. c5 Qe7 13. 0-0 Nxe5 14. fxe5 Rxf1+ 15. Bxf1 Qg5 16. Qe1 b6 17. Rc1 Bd7 18. Qg3 Qe7 19. Be2 Rb8 20. b3 h6 21. h4 Qd8 22. Bh5 Qe7 23. Be2 Rf8 24. Bg4 Qf7 25. Be2 Qe8 26. Kh2 Qb8 27. Qe1 Qc7 28. Kg1 Qd8 29. Qg3 Qe7 30. Bg4 Ra8 31. Bh5 Rf8 32. Bg4 Ra8 1/2-1/2

[Event "Ajka Borostyan Cup"]
[Site "Ajka"]
[Date "1998.??.??"]
[Round "?"]
[White "Nagy, Andras"]
[Black "Hegedus, Gyula"]
[Result "1-0"]
[WhiteElo "2195"]
[BlackElo "2095"]
[PlyCount "117"]
[EventDate "1998.06.??"]
[EventType "swiss"]
[EventRounds "9"]
[EventCountry "HUN"]
[SourceTitle "EXT 2004"]
[Source "ChessBase"]
[SourceDate "2003.11.25"]
[SourceVersion "1"]
[SourceVersionDate "2003.11.25"]
[SourceQuality "1"]

1. d4 Nf6 2. c4 e6 3. Nf3 Bb4+ 4. Bd2 Be7 5. Nc3 d5 6. Bf4 0-0 7. e3 b6 8. Rc1 Bb7 9. cxd5 exd5 10. h3 Nbd7 11. Be2 Ne4 12. Bxc7 Qe8 13. 0-0 Bb4 14. Nxe4 dxe4 15. Ne5 Nf6 16. Qb3 Be7 17. Bb5 Bd5 18. Qa4 Qc8 19. Nd7 Nxd7 20. Bxd7 Qb7 21. Bc6 Bxc6 22. Qxc6 Qxc6 23. Rxc6 Rfe8 24. Rfc1 Kf8 25. Bg3 Bd8 26. Kf1 Ke7 27. Ke2 Kd7 28. R1c2 Re7 29. Rd6+ Ke8 30. Rd5 f6 31. Rh5 g6 32. Rb5 a6 33. Rb3 Raa7 34. Rbc3 Rad7 35. Rc8 Kf7 36. R2c6 Re6 37. Rxe6 Kxe6 38. Rc6+ Kd5 39. Rc8 Ke6 40. Ra8 a5 41. Rc8 Kd5 42. f3 f5 43. fxe4+ Kxe4 44. b3 g5 45. Be5 g4 46. Rc1 Bg5 47. hxg4 fxg4 48. Rc3 Rf7 49. Bc7 h5 50. d5 b5 51. a4 bxa4 52. bxa4 Kxd5 53. Bxa5 g3 54. Rd3+ Ke6 55. Be1 h4 56. Rd4 Ra7 57. a5 Ke5 58. Bc3 Rc7 59. Rc4+ 1-0

[Event "HUN-chT2 9798"]
[Site "Hungary"]
[Date "1998.??.??"]
[Round "?"]
[White "Nagy, Andras"]
[Black "Nagy, Bence"]
[Result "1/2-1/2"]
[WhiteElo "2140"]
[BlackElo "2160"]
[PlyCount "108"]
[EventDate "1997.??.??"]
[EventType "team-tourn"]
[EventRounds "11"]
[EventCountry "HUN"]
[SourceTitle "EXT 1999"]
[Source "ChessBase"]
[SourceDate "1998.11.16"]
[SourceVersion "1"]
[SourceVersionDate "1998.11.16"]
[SourceQuality "1"]

1. e4 e5 2. Nf3 d6 3. d4 exd4 4. Nxd4 Nf6 5. Nc3 Be7 6. Be2 Nc6 7. Nxc6 bxc6 8. 0-0 Nd7 9. Be3 0-0 10. f4 Nb6 11. g4 Bb7 12. Rf3 Bf6 13. Rh3 Re8 14. g5 Bxc3 15. bxc3 c5 16. Bf3 Qe7 17. e5 Bxf3 18. Qxf3 Qe6 19. exd6 cxd6 20. f5 Qe4 21. Rf1 Qxf3 22. Rhxf3 Nc4 23. Bc1 Re2 24. Rf4 Ne5 25. R4f2 Rxf2 26. Kxf2 Kf8 27. Bf4 Rb8 28. Bc1 Nc4 29. Ke2 Ke7 30. Kd3 Ne5+ 31. Ke4 Rb1 32. g6 Rb8 33. gxh7 Rh8 34. Bf4 Rxh7 35. Bxe5 dxe5 36. Rf2 Rh3 37. c4 Ra3 38. Kxe5 Rxa2 39. Kd5 Ra5 40. h4 Kf6 41. Rg2 g6 42. fxg6 fxg6 43. Kd6 Kf7 44. Rg5 Ra2 45. Rxc5 Rxc2 46. Rc7+ Kf6 47. c5 Rd2+ 48. Kc6 Rh2 49. Rxa7 Rxh4 50. Kc7 g5 51. Kb8 Rh8+ 52. Kb7 Rh7+ 53. Kb6 Rxa7 54. Kxa7 g4 1/2-1/2

[Event "Ajka Borostyan Cup"]
[Site "Ajka"]
[Date "1998.??.??"]
[Round "?"]
[White "Portisch, Ferenc"]
[Black "Nagy, Andras"]
[Result "1/2-1/2"]
[WhiteElo "2370"]
[BlackElo "2195"]
[PlyCount "84"]
[EventDate "1998.06.??"]
[EventType "swiss"]
[EventRounds "9"]
[EventCountry "HUN"]
[SourceTitle "EXT 2004"]
[Source "ChessBase"]
[SourceDate "2003.11.25"]
[SourceVersion "1"]
[SourceVersionDate "2003.11.25"]
[SourceQuality "1"]

1. d4 Nf6 2. c4 e6 3. Nc3 Bb4 4. e3 c5 5. Bd3 Nc6 6. Nge2 d5 7. cxd5 Nxd5 8. 0-0 cxd4 9. exd4 0-0 10. Bc2 Be7 11. Qd3 g6 12. Bb3 Nxc3 13. bxc3 Na5 14. Bh6 Re8 15. Rfd1 Bd7 16. Ng3 Bc6 17. c4 Bg5 18. Bxg5 Qxg5 19. Ne4 Bxe4 20. Qxe4 Rac8 21. Rac1 Red8 22. h4 Qf6 23. Rc3 Qg7 24. h5 Qh6 25. hxg6 hxg6 26. Rh3 Qg7 27. d5 exd5 28. cxd5 Nxb3 29. Rxb3 b6 30. Qe7 f6 31. Qe6+ Qf7 32. Qg4 Rc7 33. Rg3 Kg7 34. Rh3 Rxd5 35. Rxd5 Qxd5 36. Qf4 Qe5 37. Qh6+ Kf7 38. Qh7+ Ke6 39. Qg8+ Kd6 40. Rd3+ Ke7 41. Qg7+ Ke6 42. Qg8+ Ke7 1/2-1/2

[Event "HUN-chT 9697"]
[Site "Hungary"]
[Date "1997.??.??"]
[Round "13"]
[White "Antal, Gergely"]
[Black "Nagy, Andras"]
[Result "1-0"]
[WhiteElo "2220"]
[BlackElo "2075"]
[PlyCount "39"]
[EventDate "1996.??.??"]
[EventType "team-tourn"]
[EventRounds "12"]
[EventCountry "HUN"]
[SourceTitle "EXT 2006"]
[Source "ChessBase"]
[SourceDate "2005.11.24"]
[SourceVersion "1"]
[SourceVersionDate "2005.11.24"]
[SourceQuality "1"]
[WhiteTeam "Miskolc"]
[BlackTeam "Ajka Banyasz"]
[WhiteTeamCountry "HUN"]
[BlackTeamCountry "HUN"]

1. e4 c5 2. Nf3 a6 3. c4 Nc6 4. d4 cxd4 5. Nxd4 e5 6. Nf5 d5 7. cxd5 Bxf5 8. exf5 Nd4 9. Nc3 Nxf5 10. Qa4+ b5 11. Qe4 Nd4 12. Be3 Bc5 13. 0-0-0 b4 14. Qxe5+ Ne7 15. Bxd4 Bd6 16. Qxg7 Rg8 17. Qxh7 bxc3 18. Bxc3 Rc8 19. Kb1 Qb6 20. Qd3 1-0

[Event "HUN-chT 9697"]
[Site "Hungary"]
[Date "1997.??.??"]
[Round "11"]
[White "Csato, Eszter"]
[Black "Nagy, Andras"]
[Result "0-1"]
[WhiteElo "2045"]
[BlackElo "2075"]
[PlyCount "42"]
[EventDate "1996.??.??"]
[EventType "team-tourn"]
[EventRounds "12"]
[EventCountry "HUN"]
[SourceTitle "EXT 2006"]
[Source "ChessBase"]
[SourceDate "2005.11.24"]
[SourceVersion "1"]
[SourceVersionDate "2005.11.24"]
[SourceQuality "1"]
[WhiteTeam "Matador"]
[BlackTeam "Ajka Banyasz"]
[WhiteTeamCountry "HUN"]
[BlackTeamCountry "HUN"]

1. e4 c5 2. c3 d5 3. exd5 Qxd5 4. d4 Nc6 5. Nf3 e6 6. Bd3 Nf6 7. 0-0 Be7 8. Be3 cxd4 9. cxd4 0-0 10. Nc3 Qd6 11. Rc1 Nb4 12. Bb1 b6 13. Ne4 Nxe4 14. Bxe4 Nd5 15. Ne5 Bb7 16. Qh5 Nf6 17. Bxh7+ Nxh7 18. Qh3 Nf6 19. g4 Nd5 20. Bd2 Bf6 21. Nf3 Nf4 0-1

[Event "Balatonbereny op"]
[Site "Balatonbereny"]
[Date "1997.??.??"]
[Round "8"]
[White "Hocevar, Nikola"]
[Black "Nagy, Andras"]
[Result "0-1"]
[WhiteElo "2220"]
[BlackElo "2140"]
[PlyCount "136"]
[EventDate "1997.??.??"]
[EventType "swiss"]
[EventRounds "9"]
[EventCountry "HUN"]
[SourceTitle "EXT 2001"]
[Source "ChessBase"]
[SourceDate "2000.11.22"]
[SourceVersion "1"]
[SourceVersionDate "2000.11.22"]
[SourceQuality "1"]

1. c4 c5 2. Nf3 Nf6 3. d4 cxd4 4. Nxd4 b6 5. Nc3 Bb7 6. f3 e6 7. e4 d6 8. Be2 Be7 9. 0-0 0-0 10. Be3 a6 11. Rc1 Nbd7 12. Qd2 Rc8 13. Rfd1 Qc7 14. Bf1 Rfe8 15. Qf2 Qb8 16. Rc2 Bd8 17. Rcd2 Bc7 18. g3 Qa8 19. b3 b5 20. Rc2 bxc4 21. Bxc4 Ne5 22. Be2 Ba5 23. Na4 Rxc2 24. Nxc2 d5 25. Bd4 Bc7 26. exd5 Bxd5 27. Bxe5 Bxe5 28. Nb6 Qb7 29. Nxd5 Nxd5 30. Na3 Bb8 31. Kh1 Ba7 32. Qe1 Bc5 33. Nc4 Bb4 34. Qf2 Nc3 35. Rd3 Nxa2 36. Bd1 Nc3 37. Qb6 Qxb6 38. Nxb6 Nxd1 39. Rxd1 f6 40. Kg2 Kf7 41. f4 a5 42. Rd3 Rb8 43. Nc4 Ke7 44. g4 Rd8 45. Rxd8 Kxd8 46. f5 exf5 47. gxf5 Kd7 48. Kf3 Kc6 49. Ke4 Kc5 50. Nb2 Bc3 51. Nd3+ Kd6 52. h3 g6 53. Nf4 gxf5+ 54. Kxf5 Be5 55. Ne6 Kc6 56. Ke4 Kb5 57. Kd3 Kb4 58. Kc2 f5 59. Nd8 Bc7 60. Ne6 Be5 61. Nd8 Kc5 62. Nb7+ Kb5 63. Nd8 f4 64. Kd3 Kc5 65. Nb7+ Kb4 66. Ke4 Bc7 67. Kf3 Kb5 68. Ke4 Kb6 0-1

[Event "HUN-ch U16"]
[Site "Paks"]
[Date "1997.??.??"]
[Round "2"]
[White "Kiss, Gedeon"]
[Black "Nagy, Andras"]
[Result "1-0"]
[WhiteElo "2190"]
[BlackElo "2140"]
[PlyCount "63"]
[EventDate "1997.??.??"]
[EventType "tourn"]
[EventRounds "9"]
[EventCountry "HUN"]
[SourceTitle "EXT 2004"]
[Source "ChessBase"]
[SourceDate "2003.11.25"]
[SourceVersion "1"]
[SourceVersionDate "2003.11.25"]
[SourceQuality "1"]

1. e4 c5 2. Nf3 Nc6 3. d4 cxd4 4. Nxd4 Nf6 5. Nc3 d6 6. Bg5 e6 7. Qd2 a6 8. 0-0-0 h6 9. Be3 Be7 10. f3 Nxd4 11. Bxd4 b5 12. Kb1 Bb7 13. h4 Bc6 14. Bd3 b4 15. Ne2 Qa5 16. Nc1 e5 17. Bf2 d5 18. exd5 Bxd5 19. Qe2 0-0 20. g4 Be6 21. g5 Nd5 22. Nb3 Qc7 23. Bg3 a5 24. Bxe5 Qb7 25. gxh6 Bf6 26. Nc5 Qb6 27. hxg7 Rfe8 28. Qe4 Kxg7 29. Rhg1+ Kf8 30. Qxd5 Bxe5 31. Qxe5 Rac8 32. Qxe6 1-0

[Event "HUN-chT 9697"]
[Site "Hungary"]
[Date "1997.??.??"]
[Round "8"]
[White "Meszaros, Tamas"]
[Black "Nagy, Andras"]
[Result "1-0"]
[WhiteElo "2185"]
[BlackElo "2075"]
[PlyCount "109"]
[EventDate "1996.??.??"]
[EventType "team-tourn"]
[EventRounds "12"]
[EventCountry "HUN"]
[SourceTitle "EXT 2006"]
[Source "ChessBase"]
[SourceDate "2005.11.24"]
[SourceVersion "1"]
[SourceVersionDate "2005.11.24"]
[SourceQuality "1"]
[WhiteTeam "Csuti"]
[BlackTeam "Ajka Banyasz"]
[WhiteTeamCountry "HUN"]
[BlackTeamCountry "HUN"]

1. e4 c5 2. Nf3 Nc6 3. d4 cxd4 4. Nxd4 Nf6 5. Nc3 d6 6. Bg5 e6 7. Qd2 a6 8. 0-0-0 h6 9. Bxf6 gxf6 10. f4 h5 11. g3 Bd7 12. Kb1 Qb6 13. Nb3 0-0-0 14. Bg2 Be7 15. Rhf1 Rdg8 16. Rf3 h4 17. Bf1 Rh7 18. a3 hxg3 19. hxg3 Rhg7 20. Na4 Qa7 21. Qd3 Kb8 22. Bh3 Rh8 23. g4 Nb4 24. axb4 Bxa4 25. Na5 Rc8 26. Rc1 Qb6 27. Qa3 Bd7 28. c4 Bc6 29. Nxc6+ Qxc6 30. Qd3 Qa4 31. Qb3 Qc6 32. Qc2 Rgg8 33. Rb3 Rh8 34. Qd3 Qc7 35. Bg2 Rh2 36. Qg3 Rhh8 37. Qf3 Qc6 38. b5 axb5 39. Rxb5 Rc7 40. Qf2 Rhc8 41. Rc3 Rd8 42. Ra5 Qe8 43. Rb3 Rc5 44. Rbb5 Rdc8 45. e5 Qd7 46. Rxb7+ Qxb7 47. Bxb7 Kxb7 48. Qf3+ d5 49. Qb3+ Kc7 50. Ra7+ Kd8 51. Qa4 R5c6 52. exf6 Bxf6 53. Rxf7 Be7 54. Qa5+ Kd7 55. cxd5 1-0

[Event "HUN-chT 9697"]
[Site "Hungary"]
[Date "1997.??.??"]
[Round "10"]
[White "Nagy, Andras"]
[Black "Deak, Ferenc"]
[Result "0-1"]
[WhiteElo "2075"]
[BlackElo "2060"]
[PlyCount "103"]
[EventDate "1996.??.??"]
[EventType "team-tourn"]
[EventRounds "12"]
[EventCountry "HUN"]
[SourceTitle "EXT 2006"]
[Source "ChessBase"]
[SourceDate "2005.11.24"]
[SourceVersion "1"]
[SourceVersionDate "2005.11.24"]
[SourceQuality "1"]
[WhiteTeam "Ajka Banyasz"]
[BlackTeam "Budapest MTK"]
[WhiteTeamCountry "HUN"]
[BlackTeamCountry "HUN"]

1. d4 Nf6 2. Nf3 d5 3. c4 dxc4 4. Nc3 a6 5. e4 b5 6. e5 Nd5 7. a4 Nxc3 8. bxc3 Qd5 9. Ng5 h6 10. Be2 c6 11. Bf3 Qd8 12. Ne4 Ra7 13. Ba3 e6 14. Bd6 Nd7 15. a5 Be7 16. Bxe7 Kxe7 17. Nd6 Qc7 18. Qc1 c5 19. Qf4 f6 20. 0-0 g5 21. Nxc8+ Rxc8 22. Qe4 f5 23. Qe3 Rh8 24. Rfe1 g4 25. d5 Qd8 26. d6+ Kf7 27. Bxg4 fxg4 28. Qf4+ Ke8 29. Qxg4 Nf8 30. Rad1 Qg5 31. Qe4 Rg8 32. Re3 Qg4 33. Qc6+ Nd7 34. Rde1 Rg5 35. h3 Qh5 36. Qc7 Rxc7 37. dxc7 Nb6 38. axb6 Kd7 39. g4 Qe8 40. Rd1+ Kc8 41. f4 Rg8 42. Rd8+ Qxd8 43. cxd8Q+ Rxd8 44. f5 a5 45. f6 a4 46. Re1 a3 47. Rb1 Kb7 48. Rxb5 a2 49. Ra5 Ra8 50. Rxa8 Kxa8 51. f7 a1Q+ 52. Kf2 0-1

[Event "Tapolca op"]
[Site "Budapest"]
[Date "1997.??.??"]
[Round "1"]
[White "Nagy, Andras"]
[Black "Nadassy, Attila"]
[Result "0-1"]
[WhiteElo "2140"]
[BlackElo "2170"]
[PlyCount "50"]
[EventDate "1997.??.??"]
[EventType "swiss"]
[EventRounds "9"]
[EventCountry "HUN"]
[SourceTitle "EXT 2002"]
[Source "ChessBase"]
[SourceDate "2001.11.25"]
[SourceVersion "1"]
[SourceVersionDate "2001.11.25"]
[SourceQuality "1"]

1. e4 c5 2. Nf3 a6 3. d4 cxd4 4. Nxd4 Nf6 5. Nc3 e5 6. Nf3 Bb4 7. Bd3 d5 8. exd5 e4 9. Qe2 0-0 10. Bxe4 Nxe4 11. Qxe4 Re8 12. Ne5 Bxc3+ 13. bxc3 Qc7 14. Qd4 Qxe5+ 15. Be3 Bf5 16. 0-0-0 Nd7 17. Qb4 Nf6 18. Bd4 Qe4 19. Qb3 Nxd5 20. Bxg7 Kxg7 21. Rxd5 Qf4+ 22. Kb2 Be6 23. Rd4 Qxd4 24. cxd4 Bxb3 25. axb3 Re2 0-1

[Event "HUN-chT 9697"]
[Site "Hungary"]
[Date "1997.??.??"]
[Round "7"]
[White "Nagy, Andras"]
[Black "Palko, Gabriella"]
[Result "1-0"]
[WhiteElo "2075"]
[BlackElo "2110"]
[PlyCount "107"]
[EventDate "1996.??.??"]
[EventType "team-tourn"]
[EventRounds "12"]
[EventCountry "HUN"]
[SourceTitle "EXT 2006"]
[Source "ChessBase"]
[SourceDate "2005.11.24"]
[SourceVersion "1"]
[SourceVersionDate "2005.11.24"]
[SourceQuality "1"]
[WhiteTeam "Ajka Banyasz"]
[BlackTeam "Haladas"]
[WhiteTeamCountry "HUN"]
[BlackTeamCountry "HUN"]

1. d4 Nf6 2. Nf3 e6 3. c4 b6 4. Bf4 Bb7 5. e3 Bb4+ 6. Nfd2 0-0 7. a3 Bxd2+ 8. Nxd2 d6 9. Be2 Nbd7 10. Nf3 Qe7 11. 0-0 Ne4 12. h3 e5 13. Bh2 Kh8 14. Qc2 f5 15. dxe5 dxe5 16. Rad1 Rad8 17. c5 bxc5 18. Bb5 Nd6 19. Bxd7 Bxf3 20. gxf3 Rxd7 21. f4 e4 22. Qxc5 Qh4 23. Kg2 Qh5 24. Bg3 Qe2 25. b4 a6 26. Rfe1 Qf3+ 27. Kh2 Rf6 28. Qc6 Rdf7 29. Qxa6 h6 30. a4 g5 31. Qe2 g4 32. hxg4 fxg4 33. Qxf3 gxf3 34. Rd5 Nf5 35. a5 h5 36. Kh3 h4 37. Bh2 Rg7 38. a6 Rg8 39. a7 Ra8 40. Ra1 Rff8 41. Rc5 Rf7 42. Raa5 Nd6 43. Rh5+ Kg7 44. f5 Kf6 45. b5 Ke7 46. f6+ Kd7 47. Bxd6 Kxd6 48. Ra6+ Kd7 49. Kxh4 Rff8 50. Rh7+ Kc8 51. f7 Kb7 52. Kg5 c5 53. Kf6 c4 54. Kg7 1-0

[Event "Szekszard op"]
[Site "Szekszard"]
[Date "1997.??.??"]
[Round "1"]
[White "Nagy, Andras"]
[Black "Szucs, Imre"]
[Result "1-0"]
[WhiteElo "2140"]
[BlackElo "2015"]
[PlyCount "91"]
[EventDate "1997.??.??"]
[EventType "swiss"]
[EventRounds "9"]
[EventCountry "HUN"]
[SourceTitle "EXT 2001"]
[Source "ChessBase"]
[SourceDate "2000.11.22"]
[SourceVersion "1"]
[SourceVersionDate "2000.11.22"]
[SourceQuality "1"]

1. d4 d5 2. Nf3 Nf6 3. c4 c6 4. Nc3 e6 5. e3 Nbd7 6. Qc2 Bd6 7. b3 0-0 8. Be2 e5 9. cxd5 cxd5 10. Nb5 Bb4+ 11. Bd2 Bxd2+ 12. Nxd2 e4 13. a4 a6 14. Nc7 Rb8 15. a5 Qe7 16. 0-0 Qd6 17. Rfb1 Ne8 18. Rc1 Nxc7 19. Qxc7 Qxc7 20. Rxc7 Nf6 21. b4 Bd7 22. Rc5 Rfc8 23. Rac1 Rxc5 24. dxc5 Ne8 25. Nb3 Nc7 26. Nd4 g6 27. f3 Bc6 28. Kf2 f5 29. h4 Kg7 30. h5 Kf6 31. hxg6 hxg6 32. Rh1 Kg7 33. Rb1 Bb5 34. Bxb5 Nxb5 35. Nxb5 axb5 36. fxe4 fxe4 37. Rd1 Rd8 38. Kg3 g5 39. Rc1 Rc8 40. Kf2 Kg6 41. g4 Rc7 42. Ke2 Kf6 43. Rf1+ Kg6 44. Kd2 Rd7 45. Kc3 Rh7 46. Kd4 1-0

[Event "ROM-HUN U20"]
[Site "Satu Mare"]
[Date "1996.??.??"]
[Round "1"]
[White "Geanta, Horia"]
[Black "Nagy, Andras"]
[Result "0-1"]
[WhiteElo "2220"]
[BlackElo "2130"]
[PlyCount "64"]
[EventDate "1996.11.??"]
[EventRounds "4"]
[EventCountry "ROU"]
[SourceTitle "EXT 2004"]
[Source "ChessBase"]
[SourceDate "2003.11.25"]
[SourceVersion "1"]
[SourceVersionDate "2003.11.25"]
[SourceQuality "1"]
[WhiteTeam "Romania"]
[BlackTeam "Hungary"]
[WhiteTeamCountry "ROU"]
[BlackTeamCountry "HUN"]

1. e4 c5 2. Nf3 Nc6 3. Bb5 g6 4. 0-0 Bg7 5. c3 e5 6. d4 cxd4 7. cxd4 Nxd4 8. Nxd4 exd4 9. e5 Qb6 10. Na3 Kf8 11. Qe2 Ne7 12. Bg5 d5 13. Bd3 a6 14. Rac1 h6 15. Bf4 Be6 16. Nc2 Nc6 17. Bg3 h5 18. b4 h4 19. Bf4 Rh5 20. g4 hxg3 21. fxg3 Kg8 22. g4 Rh4 23. g5 Re8 24. Ne1 Bh3 25. Bg3 Bxf1 26. Qxf1 Rh5 27. Nf3 Bxe5 28. Nxe5 Nxe5 29. Re1 Rxg5 30. Kh1 Re6 31. Bf4 Rh5 32. Qe2 Nxd3 0-1